| 000 | 00674nam a2200241Ia 4500 | ||
|---|---|---|---|
| 003 | IIN | ||
| 005 | 20250522111138.0 | ||
| 008 | 231217s9999 xx 000 0 und d | ||
| 020 |
_cRs.1050.00 _a9789387742895 |
||
| 040 |
_aIIN _bEnglish |
||
| 082 |
_a362.10425 _bLAL |
||
| 100 | 1 | _aLal, Sunder | |
| 245 | 1 |
_aTextbook of Community Medicine: _bPreventive and Social Medicine / _cSunder Lal, Adarsh and Pankaj |
|
| 250 | _a5th ed | ||
| 260 |
_bCBS _aNew Delhi _c2018 |
||
| 300 | _axxv, 814 p. | ||
| 650 | 1 | _aCommunity Health Nursing | |
| 650 | 1 | _aCommunity Medicine | |
| 650 | 1 | _aPreventive and Social Medicine | |
| 700 | 1 | _aAdarsh | |
| 700 | 1 | _aPankaj | |
| 942 | _cBOOK | ||
| 999 |
_c915 _d915 |
||